000
00404nam a2200133Ia 4500
008
230917s9999||||xx |||||||||||||| ||und||
040
_e
178308
_a
MAIN
041
_a
English
082
_a
294.592609 A53P
100
_a
अनिल
245
0
_a
प्रमुख स्मृतियों में आश्रम व्यवस्था-एक अध्ययन
300
_a
111 p.
942
_c
TH
999
_c
74391
_d
74391